| 000 | 00564nam a22001937a 4500 | ||
|---|---|---|---|
| 999 |
_c7358 _d7358 |
||
| 003 | OSt | ||
| 005 | 20211019125133.0 | ||
| 008 | 211019b ||||| |||| 00| 0 eng d | ||
| 020 | _a0534954987 | ||
| 040 | _cDDC | ||
| 082 | _a621.3815BUR 1997 | ||
| 100 |
_aBurns,Stanley G. ; Bond,Paul R.; _915078 |
||
| 245 |
_aPrinciples of electronic circuits. _cEdited by Burns,Stanley G. and Bond,Paul R.; |
||
| 250 | _a2nd Ed. | ||
| 260 |
_aEngland. _bPWS Publishing company _c1997 |
||
| 300 |
_aviii,118p; _bill; _c26cm |
||
| 650 |
_aEngineering _9373 |
||
| 942 |
_2ddc _cO_SHELF |
||